The effects of social media platforms in the creative writing skills of Grade 10 students in Montalban heights national high school/ (Record no. 82215)

MARC details
000 -LEADER
fixed length control field 03636nam a22002657a 4500
003 - CONTROL NUMBER IDENTIFIER
control field URS
005 - DATE AND TIME OF LATEST TRANSACTION
control field 20250304172208.0
008 - FIXED-LENGTH DATA ELEMENTS--GENERAL INFORMATION
fixed length control field 250304b |||||||| |||| 00| 0 eng d
050 00 - LIBRARY OF CONGRESS CALL NUMBER
Classification number LG 221.R59
Item number .Ef336 2024
245 ## - TITLE STATEMENT
Title <a href="The effects of social media platforms in the creative writing skills of Grade 10 students in Montalban heights national high school/">The effects of social media platforms in the creative writing skills of Grade 10 students in Montalban heights national high school/</a>
Statement of responsibility, etc Dianalyn L. Gabis...[et.al]
260 ## - PUBLICATION, DISTRIBUTION, ETC. (IMPRINT)
Date of publication, distribution, etc 2024
300 ## - PHYSICAL DESCRIPTION
Extent xii, 56 leaves;
Other physical details illustrations,
Dimensions 28 cm.
336 ## - CONTENT TYPE
Source rdacontent
Content type term text
337 ## - MEDIA TYPE
Source rdamedia
Media type term unmediated
338 ## - CARRIER TYPE
Source unmediated
Carrier type term volume
502 ## - DISSERTATION NOTE
Dissertation note Undergraduate Thesis
Degree type Bachelor of Secondary Education Major in English
Name of granting institution University of Rizal System, Rodriguez, Rizal
Year degree granted 2024
520 ## - SUMMARY, ETC.
Summary, etc This study aims to determine the perceived Effects of Social Media platforms in the Creative Writing Skills of Grade 10 students in Montalban Heights National High School.<br/><br/>The researchers used quantitative research, specifically descriptive design to determine the perceived effects of social media platforms on the creative writing skills of Grade 10 students in Montalban Heights National High School. The researchers administered the questionnaire checklist for the response of the respondents. The thirty respondents were chosen randomly to determine if there is a significant difference between the social media platforms used by the respondents and their profile.<br/><br/>The findings of this study were summarized: Collected the profile of students in terms of sex, previous grade in English, social status and gadget use. Through analyzing the data, females were 22, with 73.33% and males were 8 with 26.67%. The majority of respondents outnumbered the mid-socio-economic status category with a percentage of 93.33. Also, the results show that 40%, accounting for 12 students, have a satisfactory grade of 80-85 in English. Moreover, 14 respondents outnumbered the use of both mobile phones and laptops, with 46.67%, indicating a preference for multiple devices when utilizing social media.<br/><br/>As the researchers analyze the findings of this study, the results show that Facebook and YouTube serves as a valuable platform for linguistic and creative writing among the surveyed individuals. While Twitter and Tiktok plays a lesser role in shaping language skills and creative expression for the respondents. This suggests that using social media platforms cited has a significant effect in improving the creative writing skills of the respondents.<br/><br/>The data suggests that the perceived effects of Facebook, Tik Tok, YouTube, and Twitter lead to the failure to reject the null hypothesis, implying that it does not significantly vary when grouped based on respondent profiles.<br/><br/>Hence, social media is a tool for encouraging students to improve and strengthen their writing skills through watching writing related contents and using creativity and personal expression. It is a valuable tool that greatly contribute to students' writing skills whether academically and creatively. It is suggested that teachers and students must recognize the beneficial effect of social media as a tool for enhancing creative writing skills. For future researchers, this study may add to the body of knowledge that other researchers can use as reference material to determine if there are gaps in the study for future research on relevant topic.
650 ## - SUBJECT ADDED ENTRY--TOPICAL TERM
Source of heading or term Social Media Platforms
650 ## - SUBJECT ADDED ENTRY--TOPICAL TERM
Source of heading or term Creative Writing Skills
700 ## - ADDED ENTRY--PERSONAL NAME
Personal name Panti, Abegail P.
Relator term Researcher
700 ## - ADDED ENTRY--PERSONAL NAME
Personal name Samson, Sheila Mae L.
Relator term Researcher
700 ## - ADDED ENTRY--PERSONAL NAME
Personal name Timtiman, Jonila C.
Relator term Researcher
700 ## - ADDED ENTRY--PERSONAL NAME
Personal name Soliguen, Stephen P.
Relator term Adviser
942 ## - ADDED ENTRY ELEMENTS (KOHA)
Source of classification or shelving scheme Library of Congress Classification
Koha item type Theses and dissertations

No items available.

University of Rizal System
Email us at univlibservices@urs.edu.ph

Visit our Website www.urs.edu.ph/library